01750nam a22002057a 450000500170000000800410001702000180005804000180007608200230009410000150011724500760013225000120020826000390022030000420025950011160030165000520141765000320146965000200150170000230152120250421151303.0250421b |||||||| |||| 00| 0 eng d a9789390113255 cAIMIT LIBRARY 28a658.1599 bAPTP aApte, P G. aInternational financial management /cBy P G Apte and Sanjeevan Kapshe. a8th ed. aNew Delhi :bMc Graw Hill ,c2024. axx,22.16,A.16,B-2,I-6p.;bPBc24.6 cm aA renowned name in the subject area, international Financial Management is well received by its readers because of its comprehensive coverage of various topics. The book talks about a wide range of issues from global financial markets to regulatory aspects in the Indian context. It discusses, in detail, several products for managing exchange rate and interest rate risk. It puts forth up-to-date information about present financial trends and provides insights about the present global monetary system, Indian foreign exchange and interest rate markets, and so on. Keeping up with its preceding editions, the eighth edition continues to have case studies which illustrate substantive practical applications of concepts and techniques discussed in the chapters.key features: all chapters are updated with latest information about the current financial trends wide coverage on global perspective along with Indian content focus on outcome-based learning approach by defining learning objectives in each br>Chapter inclusion of case studies to enable practical application of the concepts learnt through the book aThe nature and measurement of exposure and risk aThe foreign exchange market aFinancial swaps aKapshe, Sanjeevan.